Weapons of Fraud (Record no. 368)

MARC details
000 -LEADER
fixed length control field 00397nam a2200145Ia 4500
008 - FIXED-LENGTH DATA ELEMENTS--GENERAL INFORMATION
fixed length control field 230312s9999||||xx |||||||||||||| ||und||
082 ## - DEWEY DECIMAL CLASSIFICATION NUMBER
Classification number 658.473
Item number WEA
100 ## - MAIN ENTRY--PERSONAL NAME
Personal name Anthony Pratkanis
245 #0 - TITLE STATEMENT
Title Weapons of Fraud
260 ## - PUBLICATION, DISTRIBUTION, ETC.
Name of publisher, distributor, etc. AARP and Anthony Pratkanis.
Place of publication, distribution, etc. Wshington
Date of publication, distribution, etc. 2005
300 ## - PHYSICAL DESCRIPTION
Extent 241
546 ## - LANGUAGE NOTE
Language note Eng.
650 ## - SUBJECT ADDED ENTRY--TOPICAL TERM
Topical term or geographic name entry element management
Form subdivision Overview of Fraud Crimes , Building Trust
942 ## - ADDED ENTRY ELEMENTS (KOHA)
Koha item type BOOK
Holdings
Withdrawn status Lost status Source of classification or shelving scheme Damaged status Not for loan Home library Current library Date acquired Total Checkouts Full call number Barcode Date last seen Price effective from Koha item type
    Dewey Decimal Classification     Superior Information Resource Center (SIRC) Superior University- Main Campus Superior Information Resource Center (SIRC) Superior University- Main Campus 03/13/2023   658.473 WEA 374 03/13/2023 03/13/2023 BOOK

Powered by Koha